000 06762cam a22019334i 4500
003 PE-LiUPU
005 20250813165414.0
008 150609s2014 sp a rb 001 0 spa d
020 _a9788498357752 (versión impresa)
020 _a9788498358582 (versión electrónica)
035 _a(Sirsi) i9788498357752
040 _aCO-BoBLA
_bspa
_cCO-BoBLA
_ePE-LiUPU
_erda
049 _aPRUA
082 0 4 _a618.92
_bP45
_219
100 1 _aPérez Pérez, Isabel,
_eautor.
245 1 0 _aPediatría en atención primaria de salud :
_bun abordaje multidisciplinar /
_cIsabel Pérez Pérez, Montserrat Lamoglia Puig, María Godall Castell.
264 1 _aMadrid :
_bMédica panamericana,
_c2014.
300 _axv, 257 páginas :
_bilustraciones ;
_c24 centímetros
336 _atext
_2rdacontent
337 _aunmediated
_2rdamedia
338 _avolume
_2rdacarrier
504 _aBibliografía después de cada capítulo.
504 _aÍndice analítico : páginas 251-257.
505 0 _aPerspectiva antropológica de la atención a la infancia -- Edidemiología y pediatría -- La investigación pediátrica en la atención primaria -- La gestión de la consulta pediátrica desde una perspectiva multifactorial. La historia clínica pediátrica -- Control del crecimiento y desarrollo físico en la edad pediátrica -- Cribado genitourinario -- Cribado otorrinolaringológico -- Cribado oftalmológico -- Cribado odontológico -- Cribado del lenguaje -- Cribado de la alteración del sueño -- Cribado del maltrato y del abuso sexual infantil -- Vacunaciones sistemáticas en la edad pediátrica -- Fiebre y enfermedades infeciosas -- Trastornos gastrointestinales -- Dolor, llanto e irritabilidad -- Alteraciones dermatológicas: dermatitis, infecciones, pediculosis y otros parásitos -- Accidentes: contusiones, heridas, quemaduras, intoxicaciones y picaduras de insectos y otros animales -- La obesidad: control y seguimiento -- El asma: control y seguimiento -- La diabetes: control y seguimiento -- Intolerancias y alergias alimentarias -- La alimentación del neonato y lactante -- La alimentación en la etapa infantil -- El desarrollo psicomotor en los dos primeros años. Condiciones para el bienestar -- Abordaje psicoeducativo del niño con cáncer y de su familia -- La educación en valores: apoyo a la familia -- El entorno psicosocial y el niño -- Respuestas a las preguntas de autoevaluación.
526 _aP203
526 _aP200
526 _aSEG65
526 _aSEG64
526 _aSEG63
526 _aSEG62
526 _aSEG61
526 _aSEG60
526 _aSEG59
526 _aSEG58
526 _aSEG57
526 _aSEG56
526 _aSEG55
526 _aSEG54
526 _aSEG53
526 _aSEG52
526 _aSEG51
526 _aSEG50
526 _aSEG49
526 _aSEG48
526 _aSEG47
526 _aSEG46
526 _aSEG24
526 _aSEG23
526 _aSEG22
526 _aSEG21
526 _aSEG20
526 _aSEG19
526 _aSEG18
526 _aSEG17
526 _aSEG16
526 _aSEG14
526 _aSEG13
526 _aSEG12
526 _aSEG11
526 _aSEG10
526 _aSEG09
526 _aSEG06
526 _aSEG05
526 _aSEG04
526 _aSEG03
526 _aSEG02
526 _aSEG68
526 _aSEG66
526 _aSEG45
526 _aSEG25
526 _aSEG01
526 _aP163
526 _aP162
526 _aP161
526 _aP160
526 _aP159
526 _aP158
526 _aP157
526 _aP156
526 _aP155
526 _aP154
526 _aP153
526 _aP152
526 _aP151
526 _aP150
526 _aP149
526 _aP142
526 _aP141
526 _aP140
526 _aP139
526 _aP138
526 _aP137
526 _aP132
526 _aP131
526 _aP130
526 _aP126
526 _aP125
526 _aP124
526 _aP123
526 _aP115
526 _aP122
526 _aP121
526 _aP116
526 _a P114
526 _aP112
526 _aP111
526 _aP104
526 _aP103
526 _aP102
526 _aP101
526 _aP100
526 _aP96
526 _aP95
526 _aP93
526 _aP92
526 _aP91
526 _aP88
526 _aP83
526 _aP82
526 _aP79
526 _aP78
526 _aP75
526 _aP74
526 _aP71
526 _aP69
526 _a P51
526 _aP49
526 _aP48
526 _aP47
526 _aP33
526 _aP31
526 _a P30
526 _aP29
526 _aP27
526 _aP26
526 _aP25
526 _aP24
526 _a P22
526 _aP10
526 _aP09
526 _a P08
526 _aP06
526 _aP05
526 _aP04
526 _aP01
541 _g0001-000326;
541 _g043-0021736;
541 _g001-000585;
650 7 _aPediatría
_2embne
_94621
700 1 _aGodall Castell, María,
_eautor.
700 1 _aLamoglia Puig, Montserrat,
_eautor.
910 _aaas
_bjck
_caas
_d20150609
910 _ajck
_bncf
_cncf
_d20161227
942 _2ddc
_cBOOK
949 _a618.92 P45
_wDEWEY
_c1
_i71218
_d2016-4-13
_e2016-4-11
_lCCODEBUL1
_mBUL
_n1
_p50.15
_r0
_sY
_tBOOK
_u2015-6-9
_xSALUD
_PP22
_0COMPRA
_o.STAFF. Colección General
949 _a618.92 P45
_wDEWEY
_c2
_i71219
_lCCODEBUL1
_mBUL
_p50.15
_r0
_sY
_tBOOK
_u2015-6-9
_xSALUD
_PP22
_0COMPRA
_o.STAFF. Colección General
949 _a618.92 P45
_wDEWEY
_c3
_i75322
_lCATALOGING
_mBUL
_p29.96
_r0
_sY
_tBOOK
_u2016-12-27
_xPOSGRADO
_PP69
_0COMPRA
_o.STAFF. Colección Ciencias de la Salud
994 _aC0
_bPEPRU
596 _a1
999 _a618.92 P45
_wDEWEY
_c16641
_i71218
_d16641
_e2017-9-1
_f2021-11-4
_g5
_lCCODEBUL1
_mBUL
_n3
_p50.15
_r0
_sY
_tBOOK
_u2015-6-9
_xSALUD
_zP22
_0COMPRA
_o.STAFF. Colección General
999 _a618.92 P45
_wDEWEY
_c2
_i71219
_f2021-11-4
_g5
_lCCODEBUL1
_mBUL
_p50.15
_r0
_sY
_tBOOK
_u2015-6-9
_xSALUD
_zP22
_0COMPRA
_o.STAFF. Colección General
999 _a618.92 P45
_wDEWEY
_c3
_i75322
_d2018-8-23
_e2017-8-20
_f2021-11-4
_g4
_lCCODEBUL1
_mBUL
_n1
_p29.96
_q1
_r0
_sY
_tBOOK
_u2016-12-27
_xSALUD
_zP69
_0COMPRA
_o.STAFF. Colección Ciencias de la Salud
999 _a618.92 P45
_wDEWEY
_c4
_i79323
_d2019-10-30
_f2021-11-4
_g4
_lCCODEBUL1
_mBUL
_p40.88
_q1
_r0
_sY
_tBOOK
_u2018-11-7
_xSALUD
_zP69
_0COMPRA
_1FCOMPR2
_o.STAFF. Colección Ciencias de la Salud
980 _81
_gALBERTO SANCHEZ Responsable de Automatización